| 000 | 00609nam a22001937a 4500 | ||
|---|---|---|---|
| 005 | 20251108164941.0 | ||
| 008 | 250721s1984 xx 000 0 ara d | ||
| 082 | 1 | 4 | _a658/سيد |
| 100 | 1 | _aمرسي، سيد عبد الحميد | |
| 245 | 1 | 0 | _aالعلوم السلوكية في مجال الإدارة و الإنتاج / |
| 250 | _aط2.، مزيدة ومنقحة | ||
| 264 | 1 |
_aالقاهرة : _bمكتبة وهبة، _c1984. |
|
| 300 | _a478ص | ||
| 650 | 1 | 7 | _aالإدارة |
| 650 | 1 | 7 | _aتقنيات الإدارة |
| 650 | 1 | 7 | _aإدارة الإنتاج |
| 942 |
_2ddc _cBK |
||
| 999 |
_c18187 _d18187 |
||